Chapter 11 Ethnic majority and minority youth in multicultural societies (Record no. 28237)

MARC details
000 -LEADER
fixed length control field 00811nam a2200121Ia 4500
008 - FIXED-LENGTH DATA ELEMENTS--GENERAL INFORMATION
fixed length control field 220620s9999||||xx |||||||||||||| ||und||
100 ## - MAIN ENTRY--PERSONAL NAME
Personal name Cigdem Bagci, Sabahat||Rutland, Adam
245 #0 - TITLE STATEMENT
Title Chapter 11 Ethnic majority and minority youth in multicultural societies
546 ## - LANGUAGE NOTE
Language note English[eng]
650 ## - SUBJECT ADDED ENTRY--TOPICAL TERM
Topical term or geographic name entry element immigration||acculturation||adolescent development||bicultural identity||cultural identity||diaspora immigrant||ethnic identity||diaspora immigrants||ethnic identity||ethnic majority youth||family systems||immigrant youth's well-being||immigrants' social networks||immigration policies||minority groups||multicultural societies||polyculturalism||refugees||remote acculturation||super-diversity
856 ## - ELECTRONIC LOCATION AND ACCESS
Uniform Resource Identifier <a href="https://library.oapen.org/bitstream/20.500.12657/41410/1/9781138488380_oachapter11.pdf">https://library.oapen.org/bitstream/20.500.12657/41410/1/9781138488380_oachapter11.pdf</a>
942 ## - ADDED ENTRY ELEMENTS (KOHA)
Koha item type E-Books
Holdings
Withdrawn status Lost status Damaged status Not for loan Home library Current library Date acquired Total Checkouts Date last seen Price effective from Koha item type
        Kerala University of Digital Sciences, Innovation and Technology Knowledge Centre Kerala University of Digital Sciences, Innovation and Technology Knowledge Centre 20/06/2022   20/06/2022 20/06/2022 E-Books